|
|
|
|
| LEADER |
00666nab a2200193 i 4500 |
| 001 |
misc43569 |
| 005 |
20191106141226.0 |
| 008 |
180830s1993 hu o 0|| zxx d |
| 022 |
|
|
|a 1215-5233
|
| 040 |
|
|
|a SZTE Miscellanea Repozitórium
|b hun
|
| 041 |
|
|
|a zxx
|
| 100 |
1 |
|
|a Fatalin László
|
| 245 |
1 |
2 |
|a A szavazás egy matematikai modellje
|h [elektronikus dokumentum] /
|c Fatalin László
|
| 260 |
|
|
|c 1993
|
| 300 |
|
|
|a 100-102
|
| 490 |
0 |
|
|a Iskolakultúra
|v 3 No. 3-4
|
| 695 |
|
|
|a Matematikai modell, Modell - tudományos megismerés
|
| 700 |
0 |
1 |
|a Varsics Zita
|e aut
|
| 856 |
4 |
0 |
|u http://misc.bibl.u-szeged.hu/43569/1/iskolakultura_1993_003_004_100-102.pdf
|z Dokumentum-elérés
|